Statistiques concernant Arènes de Mario Kart DS

Cliquez ici pour prendre le quiz!

Statistiques générales

  • Ce quiz a été pris 35 fois
  • Le résultat moyen est 5 sur 6

Statistiques - réponses

Arènes% Correct
Nintendo DS
96%
Maison de l'Aube
79%
Square Tuyau
79%
Bloc Fort
75%
Tarte Sucrée
67%
Feuille de Palmier
58%

Distribution des résultats

Percentile par nombre de réponses

% des personnes avec chaque résultat

Votre développement - résultats

Vous n’avez pas pris ce quiz